| 000 | 02799ngm a2200481 4500 | ||
|---|---|---|---|
| 003 | dpl | ||
| 005 | 2008111703003.0 | ||
| 007 | DVD 4 3/4inch | ||
| 008 | ||||||sp199 xxu|||||c ||| 00| 0 ng d | ||
| 010 | _aDVD-001099-1101 & DVD-005570-5574 | ||
| 024 |
_aSHE DVD 146 _c169.00 |
||
| 035 | _aDVD-001099-1101 | ||
| 035 | _aDVD-005570-5574 | ||
| 040 |
_aDPL _cDPL |
||
| 082 | _aDVD / AAND | ||
| 245 |
_aAandhi _cFilmyug Pvt. Ltd. Presents _h[videorecording] DVD/ |
||
| 260 | _bShemaroo Video Pvt. Ltd. | ||
| 300 |
_a1 videodisc DVD; (133 min.) : _bsd., col. ; _c4 3/4 in. _fDVD |
||
| 440 | _aShemaroo Home Entertainment | ||
| 500 | _aDigitally Re-Mastered From the Original Film | ||
| 500 | _aFilmfare Award Winner | ||
| 538 | _aDolby Digital 5.1 - Hindi Subtitles: English | ||
| 650 | _aMotion Picture | ||
| 700 | _aOm Prakash, J | ||
| 700 | _aGulzar | ||
| 700 | _aSanjeev Kumar | ||
| 700 | _aBurman, R.D. | ||
| 700 | _aSen, Suchitra | ||
| 700 | _aOm Prakash | ||
| 700 | _aPuri, Om Shiv | ||
| 700 | _aHangal, A.K. | ||
| 942 |
_cCF _2ddc _hDVD _mAAND |
||
| 999 |
_c18519 _d18519 |
||